000 00462nam a2200157 a 4500
005 20140412111305.0
008 010430s19uu xx 00 eng d
020 _a0-86163-792-5
050 _aTR(PS E
_bSt6Pu 1984
245 _aStory of puss in boots (The) /
_cillustrated by Suzy-Jane Tanner.
260 _aLondon :
_bAward Publications,
_c1984.
300 _a1v. (unp.) ; ill.
650 _aKittens-Stories
650 _aChildren's stories
999 _c103634
_d103634